Most Guessed Non-Capital Cities - Statistics

General Stats
  • This quiz has been taken 53,561 times
    35,678 since last reset
  • The average score is 15 of 23
Answer Stats
% City % Correct
96 New York City
96%
93 Los Angeles
90%
87 Sydney
82%
87 Rio de Janeiro
81%
85 Barcelona
78%
90 Shanghai
78%
86 Chicago
75%
81 Toronto
73%
83 Miami
69%
83 Saint Petersburg
69%
85 Mumbai
68%
78 Milan
65%
84 San Francisco
64%
80 São Paulo
63%
82 Istanbul
62%
76 Melbourne
62%
80 Houston
59%
81 Dallas
58%
77 Boston
55%
78 Hong Kong
53%
77 Seattle
48%
80 Johannesburg
42%
75 Guangzhou
36%
No matching quizzes found
Score Distribution
Percent of People with Each Score
Percentile by Number Answered
Your Score History
You have not taken this quiz since the last reset